000 00922nam a22003617a 4500
005 20250404125215.0
008 250404b2020 |||||||| |||| 00| 0 spa d
020 _a9786071740281
041 _aESP
082 _a1.2.47 B786m
100 _aBowie, David
100 _aButtle, Francis
100 _aBrookes, Maureen
100 _aMariussen, Anastasia
245 _aMarketing de la hospitalidad
260 _aMéxico
260 _bTrillas
260 _c2020
300 _a407 páginas
650 _aMARKETING HOTELERO
650 _aCLIENTES
650 _aSERVICIO AL CLIENTE
650 _aADMINISTRACIÓN HOTELERA
650 _aHOTELES
650 _aINVESTIGACIÓN MERCADOLÓGICA
650 _aBRANDING
650 _aPLAN DE MARKETING
650 _aINVESTIGACIÓN DE MERCADOS
650 _aPRODUCTOS TURÍSTICOS
650 _aSEGMENTACIÓN DE CLIENTES
942 _2ddc
_cBK
999 _c13738
_d13738